轨道交通标志色大赏——西安篇 - Statistics

General Stats
  • This quiz has been taken 38 times
    7 since last reset
  • The average score is 11 of 12
Answer Stats
标志色 线路 % Correct
0077C8 1号线
100%
EF3340 2号线
100%
CE70CC 3号线
100%
39B09E 4号线
100%
A6E35F 5号线
100%
00A353 10号线
86%
00C1D4 14号线
86%
EE805F 16号线
86%
485CC7 6号线
86%
E6B10E 8号线
86%
FF9E1B 9号线
86%
FE638C 15号线
71%
No matching quizzes found
Score Distribution
Percent of People with Each Score
Percentile by Number Answered
Your Score History
You have not taken this quiz since the last reset